000 00865nam a2200217Ia 4500
001 16098
003 GE_BSU
008 181216s||||||||xx |||||||||||||| ||und||
040 _cGE_BSU
080 _a821.353.1-31
100 _aჯავახიშვილი, მ. (მიხეილ, 1880-1937)
245 _aრჩეული თხზულებანი : 6 ტომად. ტ. 4 : არსენა მარაბდელი
245 _cსარედ.კოლ.ირ.აბაშიძე. ს.ჭილაია.გ. ნატროშვილი
260 _aთბილისი
260 _bსაბჭ. საქართველო
260 _c1961
300 _a575 გვ.22 სმ.
653 _aარსენა მარაბდელი
653 _aრჩეული თხზულებანი
942 _cBK
999 _c49187
_d49187